000
00297nam a2200133Ia 4500
100
_a
Bhattacharyya/ A.
942
_c
BK
654
_a
Cutting
245
_a
Metal Cutting Theory & Practice
260
_b
Central Book Pub.
_a
Calcutta
_c
1984
082
_a
671.5
300
_a
657
546
_a
ENGLISH
999
_c
24670
_d
24670